01297nab a2200349 a 450000100060000000300080000600500170001400600190003100700150005000800410006502200140010603500220012004000260014205000240016808000080019222200280020024501250022826000590035330000150041236200280042753301640045554600490061965000490066865000210071765000290073865500320076770000220079971000190082174000290084085600610086999900170093053139FlNmELB20241216232442.0m o d | cr cn|||||||||210112c20089999cu qr p o 0 b0spa d a0253-570X a(OCoLC)1230260791 aFlNmELBbspacFlNmELB 4aRA644.I6bD479 2008 a636 0aRevista de salud animal00aDeterminación de aivlosin en piensos por cromatografía líquida de alta resolución (HPLC)cA. Escobar ...[et-al]. aCiudad de la Habana :bEditorial Universitaria,c2008. a116-121 p.0 aVol. 30, Num. 2 (2008)- aRecurso electrónico. Santa Fe, Arg.: e-libro, 2015. Disponible vía World Wide Web. El acceso puede estar limitado para las bibliotecas afiliadas a e-libro. aTextos en español ; resumenes en inglés. 4aEpidemiologíavPublicaciones periódicas. 0aAvian influenza. 0aInfluenzaxEpidemiology. 4aArtículos electrónicos.1 aEscobar, A,eaut.2 ae-libro, Corp.02aRevista de salud animal.40uhttps://elibro.net/ereader/politecnicointernacional/8870 c53139d53139